Nimeä ensimmäinen hallinnollinen alue ja maa - Statistics

Yleistilastot
  • Tätä visaa on pelattu 29 kertaa
    23 viimeisimmän päivityksen jälkeen
  • Keskiarvotulos 18 / 30
Vastaustilastot
Kuvavisa Vastaus % Oikein
Lappi
95%
Yhdysvallat
89%
Espanja
84%
Japani
84%
Kalifornia
84%
Meksiko
84%
Ranska
84%
Suomi
84%
Yhdistynyt kuningaskunta
84%
Intia
79%
Italia
79%
Kiina
79%
Saksa
79%
Wales
79%
Brasilia
74%
Korsika
74%
Kanada
68%
Ukraina
68%
Argentiina
63%
Katalonia
58%
Hokkaidō
53%
Tulimaa
37%
Odessa
26%
Brandenburg
21%
Baja California
16%
Bahia
11%
New Brunswick
11%
Hubei
5%
Uttar Pradesh
5%
Latium
0%
Ehtoja vastaavia visoja ei löytynyt
Tulosjakauma
Jokaisen tuloksen saaneiden osuus
Persentiili vastausten määrän mukaan
Tuloshistoriasi
Et ole pelannut tätä visaa sen viimeisimmän päivityksen jälkeen